000 02534nam0a22004211 4500
001 RU\NLR\UK\134
005 20260408064849.0
035 _a(NLR Aleph) 009797938
090 _a10163435
_c10163435
100 _a20260120 rusy50
101 0 _arus
102 _aRU
135 _acrbn 001aaaba
200 1 _a[О правилах размещения солдат и офицеров на постой у обывателей]
210 _aПечатан в Санктпетербурге
_cПри Сенате
_d13 дек. 1738
215 _a[5] л.
_d
304 _aСлева от М.П.: Подлинной за подписанием ея императорскаго величества собственныя руки
304 _aТекст начинается словами: Божиею милостию мы Анна императрица и самодержица всероссииская, и прочая, и прочая, и прочая. Указали мы по представлению учрежденной нашей о здешних строениях коммиссии, для порядочнаго содержания постоев, и облегчения обывателей до будущаго определения...
305 _aВ конце текста: Дан в Санктпетербурге, ноября 11 дня 1738 года
306 _aВых. дан. указаны справа от М.П.
325 _aКопия доступна в Электрон. б-ке РНБ http://vivaldi.nlr.ru/lk000001647/view
620 _dСанкт-Петербург
702 0 _4570
_8rus
_7ca
_aАнна Ивановна
_cимператрица российская
_f1693-1740
_3RU\NLR\AUTH\7713835
_9123517
710 0 1 _aРоссия
_bИмператрица
_c1730-1740; Анна Ивановна
_3RU\NLR\AUTH\8810042737
_9584917
712 0 2 _aСенатская типография
_cСанкт-Петербург
_4610
801 0 _aRU
_bNLR
_c20030212
852 _aNLR
_j18.14.1.34-78
856 0 _uhttp://vivaldi.nlr.ru/lk000001647/view
856 1 _uhttp://vivaldi.nlr.ru/lk000001647/cover
856 2 _uhttp://vivaldi.nlr.ru/lk000001647/text
942 _cBOOK
980 _aNB
980 _aA1XVIIIv
980 _aA1UKAZ
981 3 6 _a(36) Цифровой репозиторий РНБ
981 1 6 _a(16) Законодательные акты Российской империи